书目信息 |
| 题名: |
四星上将的爱情
|
|
| 作者: | 萨沃尔森 著 ;及锋 , 柳荫 译 | |
| 分册: | ||
| 出版信息: | 太原 北岳文艺出版社 1992.8 |
|
| 页数: | 304页 | |
| 开本: | 20cm | |
| 丛书名: | ||
| 单 册: | ||
| 中图分类: | I712.45 , K837.127.5 | |
| 科图分类: | 47.6352 | |
| 主题词: | 传记小说--美国--现代 | |
| 电子资源: | ||
| ISBN: | 7-5378-0018-9 | |
| 000 | 00969nam0 2200289 45 | |
| 001 | 0193029711 | |
| 005 | 20070724173250.25 | |
| 010 | @a7-5378-0018-9@dCNY5.00 | |
| 100 | @a19930714e1992 em y0chiy0121 ea | |
| 101 | 1 | @achi@aeng |
| 102 | @aCN@b140000 | |
| 105 | @af z 000ay | |
| 200 | 10 | @a四星上将的爱情@ASI XING SHANG JIANG DE AI QING@f(美)萨沃尔森著@F( MEI ) SA WO ER SEN ZHU@g及 锋,柳 荫译 |
| 210 | @a太原@c北岳文艺出版社@d1992.8@h1992.10重印 | |
| 215 | @a304页@c插图@d20cm | |
| 330 | @a本书为纪实体小说,描写了二次大战中美军上将艾森豪维尔和英国姑娘-凯依的爱情故事。 | |
| 540 | 1 | @a上将 爱情@ASHANG JIANG AI QING |
| 600 | 1 | @a艾森豪威尔@bD.D.@x生平事迹 |
| 606 | @a传记小说@y美国@z现代 | |
| 690 | @aI712.45@v三版 | |
| 690 | @aK837.127.5@v三版 | |
| 692 | @a47.6352 | |
| 701 | 1 | @a萨沃尔森@ASA WO ER SEN@b梅尔维尔@4著 |
| 702 | 0 | @a及锋@AJI FENG@4译 |
| 702 | 0 | @a柳荫@ALIU YIN@4译 |
| 801 | 0 | @aCN@bTSSF@c20070724 |
| 905 | @a10447@dI712.45@e524 | |
| 四星上将的爱情/(美)萨沃尔森著/及 锋,柳 荫译.-太原:北岳文艺出版社,1992.8(1992.10重印) |
| 304页:插图;20cm |
| ISBN 7-5378-0018-9:CNY5.00 |
| 本书为纪实体小说,描写了二次大战中美军上将艾森豪维尔和英国姑娘-凯依的爱情故事。 |
| ● |
| 相关链接 |
|
|
|
|
正题名:四星上将的爱情
索取号:I712.45/524
 
预约/预借
| 序号 | 登录号 | 条形码 | 馆藏地/架位号 | 状态 | 备注 |
| 1 | 0766439 | 207664393 | 第一样本阅览室/ [索取号:I712.45/524] | 在馆 |